Smallest States (By Total Area) - Statistics

General Stats
  • This quiz has been taken 63 times
  • The average score is 9 of 10
Answer Stats
Area (Sq Miles) State % Correct
1,544.89 Rhode Island
100%
5,543.41 Connecticut
95%
9,616.36 Vermont
95%
9,349.16 New Hampshire
93%
2,488.72 Delaware
91%
10,931.72 Hawaii
88%
8,722.58 New Jersey
88%
12,405.93 Maryland
84%
10,554,39 Massachusetts
82%
24,230,04 West Virginia
77%
No matching quizzes found
Score Distribution
Percent of People with Each Score
Percentile by Number Answered
Your Score History
You have not taken this quiz